[Event "Qatar Masters Open 2023"]
[Site "Doha QAT"]
[Date "2023.10.11"]
[Round "1.3"]
[White "Giri, Anish"]
[Black "Rohith, Krishna S"]
[Result "1-0"]
[WhiteTitle "GM"]
[BlackTitle "IM"]
[WhiteElo "2760"]
[BlackElo "2434"]
[WhiteFideId "24116068"]
[BlackFideId "46617051"]
[EventDate "2023.10.11"]

1. Nf3 Nf6 2. d4 d5 3. c3 Bf5 4. Qb3 Qc8 5. Bf4 e6 6. e3 Be7 7. Nbd2 O-O 8. Nh4
c6 9. Nxf5 exf5 10. Be2 a5 11. h3 Re8 12. g4 fxg4 13. hxg4 Nxg4 14. Bxg4 Qxg4
15. Qxb7 Nd7 16. Qxc6 Qf5 17. Qa4 g6 18. O-O-O Rec8 19. Rdg1 Ra6 20. Rg3 Rac6
21. Qc2 Qe6 22. Kb1 a4 23. e4 a3 24. b3 Bb4 25. exd5 Qxd5 26. Qe4 Nf6 27. Qxd5
Nxd5 28. cxb4 Nxf4 29. Nc4 Nd5 30. Nxa3 Rf6 31. f3 Rc3 32. b5 Rcxf3 33. Rxf3
Rxf3 34. Rc1 h5 35. Nc4 h4 36. b6 Nxb6 37. Nxb6 g5 38. d5 h3 39. Rd1 h2 40. Rh1
g4 41. Rxh2 g3 42. Rh4 f5 43. Rh5 Kf7 44. Kc2 Rf2+ 45. Kd3 Rf3+ 46. Kd4 g2 47.
Rg5 Rf2 48. Ke3 Rxa2 49. Nc4 Kf6 50. Rg3 Rc2 1-0

[Event "Qatar Masters Open 2023"]
[Site "Doha QAT"]
[Date "2023.10.11"]
[Round "1.7"]
[White "Maghsoodloo, Parham"]
[Black "Saydaliev, Saidakbar"]
[Result "1-0"]
[WhiteTitle "GM"]
[BlackTitle "IM"]
[WhiteElo "2707"]
[BlackElo "2426"]
[WhiteFideId "12539929"]
[BlackFideId "14203693"]
[EventDate "2023.10.11"]

1. c4 Nf6 2. Nc3 e6 3. e4 c5 4. e5 Ng8 5. Nf3 Nc6 6. d4 cxd4 7. Nxd4 Nxe5 8.
Ndb5 a6 9. Nd6+ Bxd6 10. Qxd6 f6 11. Be3 Ne7 12. Bb6 Nf5 13. Bxd8 Nxd6 14. Bc7
Ke7 15. c5 Ne8 16. Bb6 d5 17. cxd6+ Nxd6 18. Bc5 Nf7 19. Rd1 b6 20. Bxb6 Rb8 21.
Bd4 Bb7 22. b4 a5 23. bxa5 Ra8 24. Bb6 Rhc8 25. Nb5 Nxb5 26. Bxb5 Nd6 27. a4
Bxg2 28. Rg1 Bf3 29. Rxg7+ Kf8 30. Rxh7 Bxd1 31. Kxd1 Kg8 32. Re7 Nc4 33. Rxe6
Kf7 34. Rc6 Ne5 35. Rxc8 Rxc8 36. a6 Nc4 37. a5 Nd6 38. Bd7 1-0

[Event "Qatar Masters Open 2023"]
[Site "Doha QAT"]
[Date "2023.10.11"]
[Round "1.8"]
[White "Lagunow, Raphael"]
[Black "Van Foreest, Jorden"]
[Result "0-1"]
[WhiteTitle "IM"]
[BlackTitle "GM"]
[WhiteElo "2425"]
[BlackElo "2707"]
[WhiteFideId "24652644"]
[BlackFideId "1039784"]
[EventDate "2023.10.11"]

1. e4 c6 2. Nc3 d5 3. Nf3 Bg4 4. h3 Bxf3 5. Qxf3 Nf6 6. Be2 g6 7. O-O Bg7 8. Rd1
d4 9. Nb1 e5 10. d3 c5 11. a4 h5 12. Qg3 Nc6 13. Na3 h4 14. Qh2 Qe7 15. Bg5 Bh6
16. Bxh4 Bf4 17. Bg3 g5 18. Nc4 O-O-O 19. Kf1 Kb8 20. Ke1 a6 21. a5 Ka7 22. Bxf4
exf4 23. Kd2 Ne5 24. b3 Ne8 25. Re1 Nd6 26. g3 Ndxc4+ 27. bxc4 f3 28. Bf1 g4 29.
h4 Rd6 30. Reb1 Rhh6 31. Rb3 Qd8 32. Kc1 Nc6 33. Rba3 Nb4 34. Qh1 Rhe6 35. Kb2
Qf6 36. Rb3 Qh6 37. h5 Re5 38. Qh4 Qxh5 39. c3 dxc3+ 40. Rxc3 Qg6 41. Kb3 Nc6
42. Qh8 Rd8 0-1

[Event "Qatar Masters Open 2023"]
[Site "Doha QAT"]
[Date "2023.10.11"]
[Round "1.9"]
[White "Nihal, Sarin"]
[Black "Zou, Chen"]
[Result "1/2-1/2"]
[WhiteTitle "GM"]
[BlackTitle "IM"]
[WhiteElo "2694"]
[BlackElo "2418"]
[WhiteFideId "25092340"]
[BlackFideId "8610959"]
[EventDate "2023.10.11"]

1. Nf3 Nf6 2. b3 d5 3. Bb2 Bf5 4. Nh4 Bg6 5. d3 e6 6. Nxg6 hxg6 7. Nd2 Nbd7 8.
g3 Bd6 9. Bg2 c6 10. e3 O-O 11. O-O a5 12. a3 Qe7 13. c4 Rfe8 14. Qe2 Rac8 15.
d4 e5 16. cxd5 cxd5 17. dxe5 Bxe5 18. Nf3 Bxb2 19. Qxb2 Nc5 20. Nd4 Nce4 21. Bh3
Rc7 22. Rac1 Ng5 23. Bg2 Rec8 24. Ne2 Nge4 25. h3 Rc5 26. Rxc5 Rxc5 27. Rc1 Qc7
28. Rxc5 Qxc5 29. Bf1 b6 30. Kg2 Kf8 31. b4 axb4 32. axb4 Qc7 33. Qd4 Kg8 34.
Qb2 Kf8 35. g4 Kg8 36. f3 Ng5 37. Qc3 Qd6 38. Nd4 Ne6 39. h4 Nxd4 40. Qxd4 Qc6
41. Kf2 Ne8 42. Be2 Qd6 43. Qf4 Qd8 44. g5 Nc7 45. Bd3 Ne6 46. Qe5 d4 47. Bxg6
dxe3+ 48. Qxe3 Nxg5 49. Qxg5 Qd4+ 50. Qe3 Qxh4+ 51. Kg2 fxg6 52. Qe6+ Kh7 53.
Qxb6 Qg5+ 54. Kf1 Qc1+ 55. Ke2 Qc2+ 56. Ke3 Qc3+ 57. Ke4 Qc2+ 58. Ke3 Qc3+ 59.
Kf4 Qd2+ 60. Ke4 Qc2+ 61. Kd5 Qf5+ 62. Kd6 Qxf3 63. Qc5 Qf4+ 64. Kd7 Qf5+ 65.
Kd8 Qf6+ 66. Kc7 Qf4+ 67. Kc8 Qf5+ 68. Kb8 Qf4+ 69. Kc8 Qf5+ 70. Kd8 Qf6+ 71.
Kd7 Qf5+ 72. Kc6 Qe4+ 73. Kb5 Qe2+ 74. Qc4 Qe8+ 75. Kc5 Qe5+ 76. Qd5 Qe3+ 77.
Qd4 Qe7+ 78. Kc4 Qe6+ 79. Qd5 Qe2+ 80. Qd3 Qe6+ 81. Kc3 Qf6+ 82. Kc2 Qf2+ 83.
Kb3 Qf7+ 84. Kc3 Qf6+ 85. Kc4 Qf7+ 86. Qd5 Qf1+ 87. Kc5 Qf2+ 88. Kc6 Qf6+ 89.
Kb5 Qf1+ 90. Qc4 Qf6 91. Qe4 Qf1+ 92. Kc5 Qf8+ 93. Kd5 Qa8+ 94. Kd4 Qa7+ 95. Kd3
Qa6+ 96. Ke3 Qa3+ 97. Kf2 Qb2+ 98. Kg3 Qc3+ 99. Kh4 Qd2 100. Kg4 Qd1+ 101. Kf4
Qf1+ 102. Ke5 Qb5+ 103. Kd6 Qb6+ 104. Kd7 Qa7+ 105. Ke6 Qb6+ 106. Ke5 Qb8+ 107.
Kd5 Qb7+ 108. Ke5 Qe7+ 109. Kd5 1/2-1/2

[Event "Qatar Masters Open 2023"]
[Site "Doha QAT"]
[Date "2023.10.11"]
[Round "1.10"]
[White "Kushagra, Mohan"]
[Black "Fedoseev, Vladimir3"]
[Result "1-0"]
[WhiteTitle "IM"]
[BlackTitle "GM"]
[WhiteElo "2412"]
[BlackElo "2691"]
[WhiteFideId "25033638"]
[BlackFideId "24130737"]
[EventDate "2023.10.11"]

1. e4 c5 2. Nf3 e6 3. d4 cxd4 4. Nxd4 a6 5. Bd3 Bc5 6. Nb3 Ba7 7. Qe2 Nc6 8. Be3
Bxe3 9. Qxe3 Nf6 10. Nc3 e5 11. f3 d6 12. g4 Be6 13. h4 Qc7 14. O-O-O O-O-O 15.
Kb1 Kb8 16. h5 h6 17. a3 Ne7 18. g5 hxg5 19. Qxg5 Rh6 20. Ne2 Rg8 21. Rdg1 Qd8
22. f4 Nc6 23. f5 Bxb3 24. cxb3 Qb6 25. b4 Qf2 26. Nc3 Qb6 27. Bc4 Nd8 28. Nd5
Nxd5 29. Bxd5 Rgh8 30. Qxg7 R6h7 31. Qg4 Rxh5 32. Rxh5 Rxh5 33. Rc1 Rh2 34. Qg3
Re2 35. Qc3 Ka7 36. Qb3 f6 37. Rc8 Rh2 38. Qc3 Rh7 39. a4 Nf7 40. a5 Qg1+ 41.
Ka2 Ng5 42. Rg8 Nxe4 43. Rxg1 Nxc3+ 44. bxc3 Re7 45. Kb3 e4 46. Be6 Rh7 47. Rg4
e3 48. Re4 Rh3 49. Kc4 b5+ 50. Kd4 1-0

[Event "Qatar Masters Open 2023"]
[Site "Doha QAT"]
[Date "2023.10.11"]
[Round "1.11"]
[White "Oparin, Grigoriy"]
[Black "Msellek, Ilyass"]
[Result "1/2-1/2"]
[WhiteTitle "GM"]
[BlackTitle "IM"]
[WhiteElo "2681"]
[BlackElo "2411"]
[WhiteFideId "24125890"]
[BlackFideId "675938"]
[EventDate "2023.10.11"]

1. e4 c5 2. Nf3 e6 3. Be2 Nc6 4. O-O Nf6 5. Nc3 d5 6. exd5 Nxd5 7. Bb5 Nxc3 8.
dxc3 Bd7 9. Ng5 h6 10. Qh5 g6 11. Qh3 Qe7 12. Rd1 a6 13. Ne4 O-O-O 14. Be2 e5
15. Qf3 f5 16. Nd6+ Kb8 17. Be3 Be6 18. Bxc5 Qc7 19. Nxb7 Qxb7 20. Rxd8+ Nxd8
21. Qe3 Nf7 22. b4 Bxc5 23. bxc5 Qb2 24. Rd1 Kc7 25. h4 Rd8 26. Rxd8 Kxd8 27. c6
Qb1+ 28. Kh2 Qb8 29. Bxa6 e4+ 30. g3 Qd6 31. Qb6+ Qc7 32. Qc5 Ke8 33. a4 Qd6 34.
Qa7 Kd8 35. Qb6+ Qc7 36. Qc5 Ke8 37. a5 Ne5 38. Bb5 Nf3+ 39. Kg2 Kf7 40. a6 Qa5
41. c7 Qa1 42. Bf1 Nd2 43. Be2 Nf3 44. Bf1 Nd2 45. Be2 Nf3 1/2-1/2

[Event "Qatar Masters Open 2023"]
[Site "Doha QAT"]
[Date "2023.10.11"]
[Round "1.12"]
[White "Viani, Antonio Dcunha"]
[Black "Sindarov, Javokhir"]
[Result "0-1"]
[WhiteTitle "IM"]
[BlackTitle "GM"]
[WhiteElo "2410"]
[BlackElo "2658"]
[WhiteFideId "5027330"]
[BlackFideId "14205483"]
[EventDate "2023.10.11"]

1. d4 Nf6 2. c4 g6 3. Nc3 Bg7 4. e4 d6 5. Be2 O-O 6. Nf3 Bg4 7. O-O Nfd7 8. Be3
Nc6 9. d5 Bxf3 10. Bxf3 Na5 11. Be2 Bxc3 12. bxc3 e5 13. Bh6 Re8 14. f4 b6 15.
f5 Qh4 16. Qd2 Nc5 17. g3 Qh3 18. fxg6 hxg6 19. Bf3 Rf8 20. Qg5 Kh7 21. Bxf8
Rxf8 22. Qe7 Qh6 23. Rae1 Kg8 24. Re2 Nxc4 25. Bg2 f5 26. exf5 gxf5 27. Qxc7 Ne3
28. Rf3 Nxd5 29. Qxa7 e4 30. Rf1 Nxc3 31. Ref2 Nd3 32. Qxb6 Nxf2 33. Qb3+ d5 34.
Qxc3 Ng4 35. h3 Qe3+ 36. Qxe3 Nxe3 37. Rf4 d4 38. Kf2 Nxg2 39. Kxg2 d3 40. Rf1
e3 41. Rb1 f4 42. Kf3 Re8 43. gxf4 e2 0-1

[Event "Qatar Masters Open 2023"]
[Site "Doha QAT"]
[Date "2023.10.11"]
[Round "1.13"]
[White "Narayanan, S.L."]
[Black "Munkhdalai, Amilal"]
[Result "1-0"]
[WhiteTitle "GM"]
[BlackTitle "FM"]
[WhiteElo "2651"]
[BlackElo "2409"]
[WhiteFideId "5058422"]
[BlackFideId "4903250"]
[EventDate "2023.10.11"]

1. d4 Nf6 2. c4 e6 3. Nf3 b6 4. g3 Bb7 5. Bg2 Bb4+ 6. Bd2 Bxd2+ 7. Qxd2 O-O 8.
O-O d6 9. Rd1 Nbd7 10. Qc2 Qe7 11. Nc3 a5 12. Rac1 Rac8 13. e4 c5 14. Qe2 Rfd8
15. b3 cxd4 16. Nxd4 Nc5 17. Rc2 Qf8 18. Ndb5 Rd7 19. Rcd2 Rcd8 20. h3 h6 21.
Qe3 Ne8 22. Kh2 Qe7 23. Nd4 Qf8 24. Ndb5 Nc7 25. Nxc7 Rxc7 26. a3 e5 27. Nb5 Rc6
28. b4 axb4 29. axb4 Ne6 30. Bf1 Ba6 31. Na3 Bb7 32. h4 Qe7 33. Nc2 Qc7 34. Qe2
b5 35. cxb5 Rc3 36. Bg2 Qb6 37. Ne3 Nd4 38. Qh5 Nxb5 39. Nf5 Rc7 40. Qg4 f6 41.
Nxh6+ Kf8 42. Nf5 Bc8 43. Qh5 Kg8 44. Bh3 d5 45. exd5 Nc3 46. d6 Nxd1 47. Ne7+ 1-0

[Event "Qatar Masters Open 2023"]
[Site "Doha QAT"]
[Date "2023.10.11"]
[Round "1.14"]
[White "Hari, Madhavan N B"]
[Black "Aravindh, Chithambaram VR."]
[Result "1/2-1/2"]
[WhiteTitle "IM"]
[BlackTitle "GM"]
[WhiteElo "2408"]
[BlackElo "2649"]
[WhiteFideId "25054309"]
[BlackFideId "5072786"]
[EventDate "2023.10.11"]

1. e4 c5 2. Nf3 e6 3. g3 Nc6 4. Bg2 Nf6 5. Qe2 e5 6. O-O Be7 7. c3 O-O 8. Rd1 d5
9. d4 dxe4 10. Nxe5 cxd4 11. Nxc6 bxc6 12. Rxd4 Qb6 13. Be3 Ba6 14. Rd2 Bxe2 15.
Bxb6 Bd3 16. Bd4 Nd5 17. c4 Nb6 18. Bxb6 axb6 19. Nc3 Bg5 20. f4 exf3 21. Rxd3
fxg2 22. Kxg2 Bf6 23. a3 Rfe8 24. Kf2 Ra5 25. b4 Rf5+ 26. Kg1 h5 27. Rf1 Rfe5
28. b5 cxb5 29. cxb5 Be7 30. a4 Rc8 31. Nd5 Bf8 32. Kg2 Rc4 33. Rf4 Rc1 34. Rf1
Rc8 35. Rf2 Bc5 36. Ra2 Rce8 37. Nf4 g6 38. Rd5 Rxd5 39. Nxd5 Kg7 40. Rc2 Rd8
41. Nf4 Be3 42. Kf3 Bd2 43. Rc7 Ra8 44. Rc4 Rd8 45. Rc7 Ra8 46. Rc4 Rd8 1/2-1/2

[Event "Qatar Masters Open 2023"]
[Site "Doha QAT"]
[Date "2023.10.11"]
[Round "1.15"]
[White "Aryan, Chopra"]
[Black "Divya, Deshmukh"]
[Result "1/2-1/2"]
[WhiteTitle "GM"]
[BlackTitle "WGM"]
[WhiteElo "2634"]
[BlackElo "2408"]
[WhiteFideId "5084423"]
[BlackFideId "35006916"]
[EventDate "2023.10.11"]

1. e4 c5 2. Nf3 Nc6 3. d4 cxd4 4. Nxd4 Nf6 5. Nc3 e5 6. Ndb5 d6 7. Bg5 a6 8. Na3
b5 9. Nd5 Be7 10. Bxf6 Bxf6 11. c3 O-O 12. Nc2 Bg5 13. a4 bxa4 14. Rxa4 a5 15.
Bc4 Rb8 16. b3 Kh8 17. Nce3 Bxe3 18. Nxe3 Ne7 19. O-O f5 20. exf5 Bxf5 21. Nd5
Ng6 22. Re1 Be6 23. g3 Ne7 24. Nxe7 Qxe7 25. Rxa5 Qc7 26. Ra4 Bxc4 27. Rxc4 Qb6
28. Qd2 Qxb3 29. Rc6 Qa3 30. Rxd6 Rb2 31. Qc1 Qa2 32. Ra6 Rfxf2 33. Qxb2 Rxb2
34. Rxa2 Rxa2 35. Rxe5 Kg8 36. h4 Kf7 37. Kf1 Rc2 38. Re3 Kf6 39. Ke1 g5 40. Kd1
Ra2 41. hxg5+ Kxg5 42. c4 Kf5 43. c5 Ra7 44. Ke2 Rc7 45. Rc3 Ke4 46. g4 Kd4 47.
Rd3+ Ke4 48. Rc3 Kd4 49. Rh3 Rxc5 50. Rxh7 1/2-1/2

[Event "Qatar Masters Open 2023"]
[Site "Doha QAT"]
[Date "2023.10.11"]
[Round "1.16"]
[White "Krishna, C R G"]
[Black "Salem, A.R. Saleh"]
[Result "0-1"]
[WhiteTitle "IM"]
[BlackTitle "GM"]
[WhiteElo "2407"]
[BlackElo "2632"]
[WhiteFideId "5018625"]
[BlackFideId "9301348"]
[EventDate "2023.10.11"]

1. d4 Nf6 2. Nf3 g6 3. Nc3 d5 4. Bf4 Bg7 5. Nb5 Na6 6. e3 O-O 7. h3 Ne4 8. Nd2
Nxd2 9. Qxd2 c6 10. Nc3 Nb8 11. O-O-O b5 12. e4 b4 13. Na4 Qa5 14. Nc5 e5 15.
Bxe5 Bxe5 16. Nb3 Qxa2 17. dxe5 a5 18. Qd4 a4 19. Nc5 Nd7 20. Nxd7 Bxd7 21. Bd3
a3 22. bxa3 Qxa3+ 23. Kd2 dxe4 24. Bxe4 Rfd8 25. Ke1 Be6 0-1

[Event "Qatar Masters Open 2023"]
[Site "Doha QAT"]
[Date "2023.10.11"]
[Round "1.17"]
[White "Mendonca, Leon Luke"]
[Black "Abdurakhmonov, Mukhammadali"]
[Result "1-0"]
[WhiteTitle "GM"]
[BlackTitle "IM"]
[WhiteElo "2622"]
[BlackElo "2405"]
[WhiteFideId "35028561"]
[BlackFideId "14207346"]
[EventDate "2023.10.11"]

1. d4 Nf6 2. c4 e6 3. g3 d5 4. Bg2 dxc4 5. Nf3 c5 6. O-O Nc6 7. dxc5 Qxd1 8.
Rxd1 Bxc5 9. Nbd2 c3 10. bxc3 O-O 11. Nb3 Be7 12. c4 Bd7 13. Bb2 Rfd8 14. Nfd4
Rac8 15. Nb5 e5 16. Nd6 Bxd6 17. Rxd6 Bg4 18. Rxd8+ Rxd8 19. Kf1 Be6 20. Bxc6
bxc6 21. Na5 c5 22. Bxe5 Ng4 23. Bf4 Nxh2+ 24. Ke1 Ng4 25. f3 Nf6 26. Rb1 h5 27.
Rb7 Rd7 28. Rb5 Bf5 29. Rxc5 Bb1 30. a3 Bc2 31. Bd2 Re7 32. Bc3 Bd3 33. e4 Re6
34. Kd2 Bf1 35. Ke3 Nd7 36. Rxh5 Nb6 37. Rc5 Na4 38. Rc8+ Kh7 39. Bb4 f5 40. Kd4
fxe4 41. fxe4 Rg6 42. Rf8 Bg2 43. c5 Rxg3 44. c6 Rg4 45. Re8 Nb6 46. c7 Bh3 47.
Nc4 1-0

[Event "Qatar Masters Open 2023"]
[Site "Doha QAT"]
[Date "2023.10.11"]
[Round "1.18"]
[White "Song, Yuxin"]
[Black "Puranik, Abhimanyu"]
[Result "0-1"]
[WhiteTitle "WIM"]
[BlackTitle "GM"]
[WhiteElo "2404"]
[BlackElo "2618"]
[WhiteFideId "8614300"]
[BlackFideId "5061245"]
[EventDate "2023.10.11"]

1. e4 c5 2. Nf3 Nc6 3. Bb5 g6 4. Bxc6 dxc6 5. d3 Bg7 6. h3 Qc7 7. Nc3 e5 8. Be3
b6 9. O-O Ne7 10. Nh2 Be6 11. Qd2 c4 12. Bh6 Bxh6 13. Qxh6 cxd3 14. cxd3 O-O-O
15. Rfd1 c5 16. Nf3 f6 17. b4 cxb4 18. Nb5 Qd7 19. Rdc1+ Kb8 20. Rc7 Qxb5 21.
Rxe7 Rde8 22. Qg7 Rxe7 23. Qxe7 Re8 24. Qxf6 Qxd3 25. Qxe5+ Kb7 26. Nd4 Qc3 27.
Rd1 Qc5 28. Qg7+ Re7 29. Qf6 Bxa2 30. Nc6 Rc7 31. Nd8+ Ka6 32. Ra1 Qc4 33. e5 b3
34. e6 Qe4 35. Qb2 Rc2 36. Qa3+ Kb5 37. e7 Re2 38. Rd1 Qxe7 39. Rd5+ Kc4 40.
Rd4+ Kc3 41. Rd6 Re1+ 42. Kh2 Qe5+ 43. g3 Qe4 44. Rc6+ Kd3 45. g4 Rh1+ 46. Kg3
Qe5+ 47. Kg2 Qh2+ 48. Kf3 Qxh3+ 49. Kf4 Qh6+ 50. Ke5 Qg7+ 51. Kd5 Qd4+ 52. Ke6
Re1+ 53. Kf7 Qd7+ 0-1

[Event "Qatar Masters Open 2023"]
[Site "Doha QAT"]
[Date "2023.10.11"]
[Round "1.20"]
[White "Jin, Yueheng"]
[Black "Karthikeyan, Murali"]
[Result "1/2-1/2"]
[BlackTitle "GM"]
[WhiteElo "2398"]
[BlackElo "2611"]
[WhiteFideId "8616868"]
[BlackFideId "5074452"]
[EventDate "2023.10.11"]

1. d4 Nf6 2. c4 e6 3. g3 d5 4. Nf3 Bb4+ 5. Bd2 Be7 6. Bg2 O-O 7. O-O Nbd7 8. Qc2
c6 9. Bf4 Nh5 10. Bc1 Nhf6 11. Rd1 a5 12. a4 b6 13. b3 Bb7 14. Bb2 Rc8 15. Nbd2
Rc7 16. Rac1 c5 17. cxd5 Nxd5 18. Qb1 Qa8 19. Nc4 N5f6 20. Ne1 Bxg2 21. Nxg2
Rfc8 22. Nge3 h6 23. dxc5 Bxc5 24. Bd4 Bxd4 25. Rxd4 Nd5 26. Re1 Nxe3 27. Nxe3
Ne5 28. Red1 Qb8 29. Qb2 b5 30. axb5 Rc5 31. Nc4 Rxb5 32. Nxe5 Rxe5 33. Rd8+
Rxd8 34. Rxd8+ Qxd8 35. Qxe5 Qb6 36. e3 Kf8 37. h4 f6 38. Qc3 Ke7 39. Qd3 Qd6
40. Qc3 Qd1+ 41. Kh2 Qd5 42. Qc7+ Kf8 43. Qa7 1/2-1/2

[Event "Qatar Masters Open 2023"]
[Site "Doha QAT"]
[Date "2023.10.11"]
[Round "1.21"]
[White "Gupta, Abhijeet"]
[Black "Banh Gia Huy"]
[Result "1-0"]
[WhiteTitle "GM"]
[BlackTitle "FM"]
[WhiteElo "2609"]
[BlackElo "2397"]
[WhiteFideId "5010608"]
[BlackFideId "12424714"]
[EventDate "2023.10.11"]

1. d4 Nf6 2. c4 e6 3. Nf3 d5 4. g3 dxc4 5. Bg2 c5 6. O-O Nc6 7. Ne5 Bd7 8. Nxc4
Nxd4 9. Bxb7 Rb8 10. Bg2 Bc6 11. Bxc6+ Nxc6 12. Bf4 Qxd1 13. Rxd1 Rb4 14. Nba3
Nd5 15. Bd2 Rb7 16. e4 Ndb4 17. Bc3 f6 18. Rd6 Rb8 19. Bxb4 Nxb4 20. Rd2 Be7 21.
Na5 Rd8 22. N3c4 Kf7 23. a3 Rxd2 24. Nxd2 Nc2 25. Rc1 Nd4 26. Kg2 Rb8 27. Nac4
Ke8 28. f4 Kd7 29. Nf3 Nxf3 30. Kxf3 Kc6 31. Ke2 h5 32. Rc3 Bd8 33. Kd2 Bc7 34.
Kc2 h4 35. Nd2 hxg3 36. hxg3 g5 37. fxg5 Be5 38. Rb3 Rxb3 39. Kxb3 fxg5 40. g4
Bf4 41. Nc4 Kb5 42. Kc3 Kc6 43. b3 Bg3 44. Kc2 Bf4 45. Kd3 Kb5 46. Kc3 Kc6 47.
a4 Bg3 48. Kc2 Bf4 49. Kd3 a6 50. Kc3 Bg3 51. Kc2 Kc7 52. Kd3 Kc6 53. Nd2 Bf4
54. Nf3 Kd6 55. Kc4 Kc6 56. Ne1 Bd2 57. Nd3 Be3 58. b4 cxb4 59. Nxb4+ Kb6 60.
Nc2 Bf4 61. Nd4 e5 62. Nb3 Be3 63. Kd5 Bf4 64. Nc5 Ka5 65. Nd3 Bd2 66. Nxe5 Kxa4
67. Nc6 Kb5 68. e5 Kb6 69. e6 Kc7 70. Nb8 Kd8 71. Nxa6 Ke7 72. Nc5 Be3 73. Nd3
Bf4 74. Ne5 Kf6 75. Kd6 Bd2 76. Kd7 Bb4 77. Nc6 Bc5 78. e7 Bxe7 79. Nxe7 Ke5 80.
Nf5 1-0

[Event "Qatar Masters Open 2023"]
[Site "Doha QAT"]
[Date "2023.10.11"]
[Round "1.22"]
[White "Mohammad Fahad, Rahman"]
[Black "Vakhidov, Jakhongir"]
[Result "0-1"]
[WhiteTitle "IM"]
[BlackTitle "GM"]
[WhiteElo "2396"]
[BlackElo "2607"]
[WhiteFideId "10207791"]
[BlackFideId "14201801"]
[EventDate "2023.10.11"]

1. d4 Nf6 2. c4 g6 3. Nf3 Bg7 4. g3 c5 5. Bg2 cxd4 6. Nxd4 O-O 7. Nc3 Qc7 8.
Ncb5 Qc5 9. Bd2 a6 10. b4 Qb6 11. c5 Qd8 12. Na3 d6 13. e3 e5 14. Nb3 d5 15. O-O
Nc6 16. Bc3 Bg4 17. f3 Be6 18. Re1 d4 19. exd4 Nd5 20. Bb2 Ndxb4 21. dxe5 Nd3
22. Qe2 Bxe5 23. Bxe5 Ncxe5 24. Rf1 Bxb3 25. axb3 Re8 26. Kh1 Nc4 27. Qxe8+ Qxe8
28. Nxc4 Qb5 29. f4 Qxc5 30. Ra2 Rd8 31. Bxb7 Qb5 32. Bxa6 Qc6+ 33. Kg1 Nb4 0-1

[Event "Qatar Masters Open 2023"]
[Site "Doha QAT"]
[Date "2023.10.11"]
[Round "1.23"]
[White "Paravyan, David"]
[Black "Panda, Sambit"]
[Result "1/2-1/2"]
[WhiteTitle "GM"]
[BlackTitle "IM"]
[WhiteElo "2599"]
[BlackElo "2395"]
[WhiteFideId "4194985"]
[BlackFideId "25091794"]
[EventDate "2023.10.11"]

1. e4 c6 2. d4 d5 3. e5 Bf5 4. Nf3 e6 5. Be2 c5 6. Be3 cxd4 7. Nxd4 Ne7 8. O-O
Nbc6 9. Bb5 a6 10. Bxc6+ bxc6 11. c4 Qd7 12. Nc3 dxc4 13. Nxf5 Qxd1 14. Nxg7+
Bxg7 15. Nxd1 Bxe5 16. Rc1 Nd5 17. Rxc4 Nxe3 18. fxe3 Ke7 19. Rc5 f6 20. Rxc6
Rhc8 21. Rb6 Rcb8 22. Rc6 Rc8 23. Rb6 Rcb8 24. Rc6 1/2-1/2

[Event "Qatar Masters Open 2023"]
[Site "Doha QAT"]
[Date "2023.10.11"]
[Round "1.24"]
[White "Arhan, Chethan Anand"]
[Black "Sethuraman, S.P."]
[Result "0-1"]
[WhiteTitle "FM"]
[BlackTitle "GM"]
[WhiteElo "2395"]
[BlackElo "2598"]
[WhiteFideId "45062510"]
[BlackFideId "5021596"]
[EventDate "2023.10.11"]

1. d4 Nf6 2. c4 e6 3. g3 d5 4. Nf3 Bb4+ 5. Bd2 Be7 6. Bg2 Nbd7 7. O-O c6 8. Qc2
a5 9. Rd1 O-O 10. Bf4 a4 11. Ne5 Qa5 12. Nc3 Nxe5 13. dxe5 Nd7 14. cxd5 exd5 15.
e4 dxe4 16. Bxe4 h6 17. Qe2 a3 18. Rd4 axb2 19. Qxb2 Nc5 20. Re1 Nxe4 21. Rexe4
Qa3 22. Qd2 Bf5 23. Re3 Qa7 24. Rf3 Be6 25. Rfd3 Qa5 26. a4 Bc5 27. Rd6 Bxd6 28.
exd6 Rfd8 29. Qe3 Bf5 30. Rd4 Rd7 31. g4 Bxg4 32. Bxh6 Qh5 33. Bf4 f6 34. Ne4
Re8 35. Qg3 Kf7 36. h4 Bf3 37. Qh3 Re6 38. Kh2 Bxe4 39. Rxe4 Rdxd6 40. Qb3 Qxh4+
41. Kg2 Qg4+ 42. Kh2 Qh5+ 43. Kg2 Qg6+ 0-1

[Event "Qatar Masters Open 2023"]
[Site "Doha QAT"]
[Date "2023.10.11"]
[Round "1.25"]
[White "Jumabayev, Rinat"]
[Black "Bai, Adelard"]
[Result "1-0"]
[WhiteTitle "GM"]
[BlackTitle "FM"]
[WhiteElo "2585"]
[BlackElo "2395"]
[WhiteFideId "13702661"]
[BlackFideId "16301188"]
[EventDate "2023.10.11"]

1. Nf3 Nf6 2. c4 e6 3. e3 b6 4. b3 Bb7 5. Bb2 d5 6. Nc3 Be7 7. cxd5 exd5 8. Rc1
O-O 9. Bd3 c5 10. Ne2 Nc6 11. O-O Ne4 12. Bb1 Bf6 13. Bxf6 Qxf6 14. Nf4 Ne5 15.
Nxe5 Qxe5 16. d4 cxd4 17. Qxd4 Qxd4 18. exd4 Rac8 19. f3 Nd6 20. Bd3 g6 21. g4
Rxc1 22. Rxc1 Rc8 23. Rd1 Kf8 24. h4 h6 25. Kf2 Ne8 26. Ke3 Nc7 27. Rc1 Ke7 28.
Kd2 Kd6 29. h5 g5 30. Ne2 Ne6 31. Re1 Bc6 32. Bf5 Bd7 33. a3 f6 34. b4 Rc4 35.
Ke3 Rc8 36. Kd2 Rc4 37. Bd3 Nxd4 38. Rb1 Nxf3+ 39. Ke3 Ne5 40. Bxc4 Nxc4+ 41.
Kf2 Nxa3 42. Ra1 Nb5 43. Kf3 Bc6 44. Ng3 d4+ 45. Kf2 Nc3 46. Nf5+ Ke5 47. Nxh6
Ne4+ 48. Ke1 d3 49. Nf5 Be8 50. Rxa7 d2+ 51. Kd1 Nf2+ 52. Kxd2 Nxg4 53. h6 Bg6
54. Ne7 Be4 55. Ng8 Kd4 56. h7 Bxh7 57. Rxh7 f5 58. Nh6 Nf6 59. Rb7 Ne4+ 60. Ke2
Nc3+ 61. Kf2 Ne4+ 62. Kg2 f4 63. Rxb6 Ke3 64. Ng4+ Kd4 65. Rc6 Kd5 66. Rc2 Nd6
67. Rc5+ Ke4 68. Nf6+ Ke3 69. Re5+ 1-0

[Event "Qatar Masters Open 2023"]
[Site "Doha QAT"]
[Date "2023.10.11"]
[Round "1.26"]
[White "Peng, Hongchi"]
[Black "Kuybokarov, Temur"]
[Result "0-1"]
[BlackTitle "GM"]
[WhiteElo "2395"]
[BlackElo "2584"]
[WhiteFideId "8609047"]
[BlackFideId "14203049"]
[EventDate "2023.10.11"]

1. d4 Nf6 2. c4 g6 3. g3 Bg7 4. Bg2 O-O 5. Nf3 d6 6. O-O c5 7. dxc5 dxc5 8. Nc3
Nc6 9. Be3 b6 10. Qxd8 Rxd8 11. Rad1 Bb7 12. Ne5 Nxe5 13. Bxb7 Rab8 14. Ba6 Ne8
15. Bf4 Nc7 16. Bb5 a6 17. Ba4 Ne6 18. Rxd8+ Rxd8 19. Bxe5 Bxe5 20. Nd5 b5 21.
Nxe7+ Kf8 22. Nc6 bxa4 23. Nxe5 Rd2 24. Rb1 Rxe2 25. Nd7+ Kg7 26. a3 Rc2 27. Nb6
Ng5 28. Nxa4 Nh3+ 29. Kg2 Nxf2 30. b3 Ng4+ 31. Kh3 Nf2+ 32. Kg2 Ne4+ 33. Kh3 h5
34. g4 hxg4+ 35. Kxg4 f5+ 36. Kf4 Kf6 37. Rb2 Rc1 38. Nb6 g5+ 39. Kf3 g4+ 40.
Ke3 Rf1 41. Na4 Ke5 42. b4 f4+ 43. Kd3 f3 44. Nxc5 f2 45. Ke3 Re1+ 46. Re2 f1=Q
47. Nd3+ Kf5 48. Rxe1 Qh3+ 49. Kd4 Qh8+ 50. Ke3 Qxh2 51. Rf1+ Kg5 52. Rf8 Nf6
53. Rc8 g3 54. Rc5+ Kh4 55. Ne5 Qf2+ 0-1